Представление документа в формате MARC21

ПолеНазваниеЗначение
  Тип записи a
  Библиографический уровень m
001 Контрольный номер RU\infra-m\znanium\bibl\2236478
005 Дата корректировки 20260429142123.1
008 Кодируемые данные 260408s2025 RU g rus u
020 Индекс ISBN __
a ISBN 978-5-9614-8761-9
040 Источник каталогиз. __
a Служба первич. каталог. Общество с ограниченной ответственностью «ЗНАНИУМ»
041 Код языка издания __
a Код языка текста rus
044 Код страны публикации __
a Код страны публикации RU
080 Индекс УДК __
a Индекс УДК 929
084 Индекс другой классификации/Индекс ББК __
2 Источник индекса rubbk
a Индекс другой классификации/Индекс ББК 842
100 Автор __
a Автор Баженова-Сорокина А.
q Полное имя Баженова-Сорокина Александра
245 Заглавие __
a Заглавие Чему я могу научиться у Туве Янссон
b Продолж. заглавия Научно-популярная литература
250 Сведения об издании __
a Основные сведения об издании 1
260 Выходные данные __
a Место издания Москва
b Издательство ООО "Альпина Паблишер"
c Дата издания 2026
300 Физическое описание __
a Объем 48 с.
440 Серия __
a Серия Уроки из жизни
520 Аннотация __
a Аннотация Мы знаем Туве Янссон как знаменитую финскую детскую писательницу и художницу. Ей удалось подарить читателям из самых разных стран уютный мир куда можно вернуться в любом возрасте — мир муми-троллей. Эти милые и мудрые персонажи стали частью общечеловеческой культуры. Но Туве Янссон была не только сказочницей. Она всю жизнь писала картины рисовала комиксы работала в театре а ещё стала популярной взрослой писательницей. Эта иллюстрированная биография расскажет не только о том как были придуманы муми-тролли. Множество интересных фактов раскроют личность этой удивительной творческой натуры жизнь которой пришлась на турбулентное время мировых войн что не помешало ей создавать удивительные добрые и мудрые сказки.
521 Примеч. о цел. назн. __
a Примеч. о целев. назн. Дополнительное образование детей
650 Тематические рубрики __
a Основная рубрика Художественная литература. Досуг
x Основная подрубрика Детская научно-популярная и справочная литература
655 Указ. предметных рубрик (устаревшее) __
a Жанр/ форма (устаревшее) Научно-популярная литература
856 Электронный адрес документа 4_
a Имя сервера/домена znanium.ru
m Помощь ebs_support@infra-m.ru
n Местонахождение сервера НИЦ ИНФРА-М
u URL https://znanium.ru/catalog/document?id=474411
856 Электронный адрес документа 48
a Имя сервера/домена znanium.ru
d Путь /cover/2236
f Электронное имя 2236478.jpg
q Тип электронного формата image/jpeg
u URL https://znanium.ru/cover/2236/2236478.jpg
911 __
u 0030=https://znanium.ru/catalog/document?id=474411